The nutcracker ballet mystery / (Record no. 3869)

MARC details
000 -LEADER
fixed length control field 01399nam a22002657a 4500
001 - CONTROL NUMBER
control field 3869
003 - CONTROL NUMBER IDENTIFIER
control field FISKH
005 - DATE AND TIME OF LATEST TRANSACTION
control field 20240521085854.0
008 - FIXED-LENGTH DATA ELEMENTS--GENERAL INFORMATION
fixed length control field 240520b cb ||||| |||| 00| 0 eng d
040 ## - CATALOGING SOURCE
Original cataloging agency FISK
Language of cataloging eng
Transcribing agency FISK
Modifying agency FISK
050 ## - LIBRARY OF CONGRESS CALL NUMBER
Classification number PZ7.K23
082 ## - DEWEY DECIMAL CLASSIFICATION NUMBER
Classification number 437
100 ## - MAIN ENTRY--PERSONAL NAME
Personal name Keene Carolyn
Dates associated with a name 1905-2002
245 ## - TITLE STATEMENT
Title The nutcracker ballet mystery /
Statement of responsibility, etc. Carolyn Keene
260 ## - PUBLICATION, DISTRIBUTION, ETC.
Place of publication, distribution, etc. New York :
Name of publisher, distributor, etc. Minstrel Books,
Date of publication, distribution, etc. 1992
300 ## - PHYSICAL DESCRIPTION
Extent 154 pages :
Dimensions 20 cm
490 ## - SERIES STATEMENT
Series statement Nancy drew
Volume/sequential designation 110 number
505 ## - FORMATTED CONTENTS NOTE
Formatted contents note M
520 ## - SUMMARY, ETC.
Summary, etc. An evening of ballet leads Nancy into a dance with danger! Madame Dugrand's Dance Academy is in rehearsal for The Nutcracker Ballet, and it could be a huge hit this year. Shana Edwards, a recent graduate who has made a big splash in New York, is returning to River Heights to star in the show. But the closer the dancers get to showtime, the clearer it becomes that the stage is set for disaster. Someone is determined to bring the production down before the curtain goes up. Theft and arson threaten to darken the theater and doom the dance. And Nancy will have to conduct her investigation with extreme precision and agility: one false step, one wrong move, and The Nutcracker could come to a swift and bitter end.
521 8# - TARGET AUDIENCE NOTE
Target audience note 720
Source Lexile estimates,
521 8# - TARGET AUDIENCE NOTE
Target audience note M
Source Raz-Plus
700 ## - ADDED ENTRY--PERSONAL NAME
Personal name Carolyn Keene
942 ## - ADDED ENTRY ELEMENTS (KOHA)
Source of classification or shelving scheme Dewey Decimal Classification
Koha item type Books
Suppress in OPAC No
Holdings
Withdrawn status Lost status Source of classification or shelving scheme Damaged status Not for loan Collection Home library Current library Shelving location Date acquired Total Checkouts Full call number Barcode Date last seen Copy number Price effective from Koha item type
    Dewey Decimal Classification     Fiction Footprints International School Library Network Toul Kork Campus Footprints International School Library Network Toul Kork Campus   05/20/2024   KEE PZ7.K23 437 2024-0647 05/20/2024 1 05/20/2024 Books